[Event "Regionalliga Nord-Ost 1819"]
[Site "Bayern"]
[Date "2019.04.07"]
[Round "9.5"]
[White "Rieder, Johannes"]
[Black "Ulusoy, Tolga"]
[Result "1-0"]
[WhiteElo "1886"]
[BlackElo "1991"]
[PlyCount "118"]
[EventDate "2018.10.21"]
[EventType "team-tourn"]
[EventRounds "9"]
[EventCountry "GER"]
[SourceTitle "EXT 2022"]
[Source "ChessBase"]
[SourceDate "2021.10.06"]
[SourceVersion "1"]
[SourceVersionDate "2021.10.06"]
[SourceQuality "1"]
[WhiteTeam "Erlangen SC II"]
[BlackTeam "Nuernberg NT III"]
[WhiteTeamCountry "GER"]
[BlackTeamCountry "GER"]

1. d4 Nf6 2. e3 g6 3. c4 c5 4. Nc3 Bg7 5. Nf3 0-0 6. Bd3 cxd4 7. Nxd4 d5 8. 0-0 e5 9. Nc2 d4 10. exd4 exd4 11. Nb5 Nc6 12. Bg5 a6 13. Nba3 Qd6 14. Re1 Ng4 15. g3 f5 16. Qd2 Nce5 17. Be2 d3 18. Nb4 Be6 19. Nxd3 Nxc4 20. Nxc4 Bxc4 21. h3 Nf6 22. Qb4 Qxb4 23. Nxb4 Bxe2 24. Rxe2 Ne4 25. Bf4 Rfd8 26. Rb1 a5 27. Nc2 Rd3 28. Ne1 Rd7 29. Nf3 Rad8 30. Ng5 Nc5 31. b3 Rd1+ 32. Rxd1 Rxd1+ 33. Kg2 h6 34. Re8+ Bf8 35. Nf3 Kf7 36. Rc8 g5 37. Be3 Ne6 38. Rb8 Ra1 39. Ne5+ Kg8 40. a4 f4 41. gxf4 gxf4 42. Bd2 Rb1 43. Rxb7 Nc5 44. Rb5 Rxb3 45. Bxa5 Bd6 46. Rxb3 Nxb3 47. Bc3 Bc7 48. Kf3 Bb6 49. Nc4 Ba7 50. Be5 Nc5 51. Bd4 Kh7 52. Nd6 Kg6 53. a5 Nb3 54. Bxa7 Nxa5 55. Kxf4 Nc6 56. Be3 Kf6 57. Ke4 h5 58. Nf5 Nd8 59. f4 Nf7 1-0

[Event "Mittelfranken-chTB1 1819"]
[Site "Mittelfranken"]
[Date "2018.10.14"]
[Round "1.5"]
[White "Rieder, Johannes"]
[Black "Alsheimer, Lea"]
[Result "0-1"]
[WhiteElo "1886"]
[BlackElo "1781"]
[PlyCount "74"]
[EventDate "2018.10.14"]
[EventType "team-tourn"]
[EventRounds "9"]
[EventCountry "GER"]
[SourceTitle "EXT 2022"]
[Source "ChessBase"]
[SourceDate "2021.10.06"]
[SourceVersion "1"]
[SourceVersionDate "2021.10.06"]
[SourceQuality "1"]
[WhiteTeam "Erlangen SC III"]
[BlackTeam "Bechhofen"]
[WhiteTeamCountry "GER"]
[BlackTeamCountry "GER"]

1. d4 Nf6 2. Nf3 d6 3. c4 Bf5 4. Nc3 c6 5. Bf4 Nbd7 6. e3 g6 7. Qb3 Qc7 8. c5 Be6 9. Qa3 Nh5 10. Bg3 Nxg3 11. hxg3 Bg4 12. Ng5 h6 13. Qb3 d5 14. Bd3 Bg7 15. Nf3 e5 16. Nh2 exd4 17. exd4 Be6 18. Nf3 Nxc5 19. dxc5 d4 20. Nd5 Bxd5 21. Qc2 Qa5+ 22. Kd1 0-0-0 23. a3 Rhe8 24. b4 Qc7 25. Qa4 a6 26. Kd2 Be4 27. Rae1 Bxd3 28. Kxd3 Qd7 29. Qb3 Qf5+ 30. Kd2 h5 31. Qd3 Qd5 32. Kd1 Qa2 33. Nd2 Bh6 34. Ne4 Rxe4 35. Qxe4 Qa1+ 36. Ke2 d3+ 37. Kf3 Qf6+ 0-1

[Event "Mittelfranken-chTB1 1718"]
[Site "Mittelfranken"]
[Date "2018.04.22"]
[Round "8.3"]
[White "Rieder, Johannes"]
[Black "Fischer, Gerd"]
[Result "1/2-1/2"]
[WhiteElo "1910"]
[BlackElo "1982"]
[PlyCount "59"]
[EventDate "2017.10.08"]
[EventType "team-tourn"]
[EventRounds "9"]
[EventCountry "GER"]
[SourceTitle "EXT 2022"]
[Source "ChessBase"]
[SourceDate "2021.10.06"]
[SourceVersion "1"]
[SourceVersionDate "2021.10.06"]
[SourceQuality "1"]
[WhiteTeam "Erlangen SC III"]
[BlackTeam "Gunzenhausen"]
[WhiteTeamCountry "GER"]
[BlackTeamCountry "GER"]

1. d4 d5 2. Nf3 Nf6 3. e3 e6 4. Bd3 c5 5. c3 Nc6 6. 0-0 Bd6 7. Nbd2 e5 8. dxe5 Nxe5 9. Nxe5 Bxe5 10. e4 0-0 11. f4 Bc7 12. e5 Ng4 13. Nf3 Bb6 14. Bc2 d4 15. h3 d3 16. Bxd3 c4+ 17. Kh1 cxd3 18. hxg4 Bxg4 19. Qe1 Rc8 20. Be3 Rc6 21. Rd1 Qd5 22. a3 Rd8 23. Rd2 Bxf3 24. Rxf3 Qe4 25. Qf2 Rh6+ 26. Kg1 Qf5 27. Bxb6 Rxb6 28. Qf1 g6 29. a4 Qe4 30. Qd1 1/2-1/2

[Event "Augsburg op"]
[Site "Augsburg"]
[Date "2013.12.29"]
[Round "6"]
[White "Keymling, Detlev Juergen"]
[Black "Rieder, Johannes"]
[Result "1-0"]
[WhiteElo "1572"]
[BlackElo "1694"]
[PlyCount "77"]
[EventDate "2013.12.27"]
[EventType "swiss"]
[EventRounds "7"]
[EventCountry "GER"]
[SourceTitle "CBM 158 Extra"]
[Source "ChessBase"]
[SourceDate "2014.02.28"]
[SourceVersion "1"]
[SourceVersionDate "2014.02.28"]
[SourceQuality "1"]

1. Nf3 Nc6 2. c4 Nf6 3. Nc3 d5 4. cxd5 Nxd5 5. d4 Bg4 6. e4 Bxf3 7. gxf3 Nxc3 8. bxc3 a6 9. Ba3 e6 10. Bxf8 Kxf8 11. Qb3 b6 12. Rd1 Na5 13. Qa3+ Qd6 14. Qc1 h6 15. Be2 Nc6 16. f4 Ne7 17. Bf3 Rd8 18. e5 Qd7 19. 0-0 f5 20. Qa3 a5 21. d5 Kf7 22. c4 g5 23. Bh5+ Kg7 24. Qg3 Rhg8 25. Kh1 exd5 26. Rg1 Qc6 27. cxd5 Nxd5 28. Bf3 Qe6 29. fxg5 Kh7 30. Qh4 c6 31. Rg2 Rd7 32. Qh3 Nf4 33. Rxd7+ Kh8 34. Qxh6+ Qxh6 35. gxh6 Nxg2 36. Bxg2 Rg6 37. h7 b5 38. Rd6 Kxh7 39. Rxc6 1-0

[Event "Augsburg op"]
[Site "Augsburg"]
[Date "2013.12.29"]
[Round "5"]
[White "Rieder, Johannes"]
[Black "Weisheit, Erik"]
[Result "1-0"]
[WhiteElo "1694"]
[BlackElo "1264"]
[PlyCount "37"]
[EventDate "2013.12.27"]
[EventType "swiss"]
[EventRounds "7"]
[EventCountry "GER"]
[SourceTitle "CBM 158 Extra"]
[Source "ChessBase"]
[SourceDate "2014.02.28"]
[SourceVersion "1"]
[SourceVersionDate "2014.02.28"]
[SourceQuality "1"]

1. d4 d5 2. c4 e6 3. cxd5 exd5 4. Nf3 c5 5. Bf4 Nc6 6. e3 Bf5 7. Nc3 Nf6 8. Bd3 Bxd3 9. Qxd3 Be7 10. 0-0 a6 11. dxc5 Bxc5 12. Rfd1 Ne7 13. Bg5 Qd6 14. Bxf6 Qxf6 15. Nxd5 Nxd5 16. Qxd5 Be7 17. Qd7+ Kf8 18. Rac1 Bd8 19. Qxb7 1-0